000 00528nam a22001937a 4500
999 _c3028
_d3028
003 OSt
005 20230925110051.0
008 230925b ||||| |||| 00| 0 eng d
020 _a9789671562222
040 _cKH8
082 _a400 OTH
100 _aSyahril Othman,
_eauthor.
245 _aIGCSE Malay Oral Book Volume 2 /
_cSyahril Othman.
260 _aMalaysia ;
_bSyahril Education Enterprise.
440 _vVolume 2
650 _aMalay language
_vGrammar
650 _aMalay language
_vForeign language
942 _2ddc
_cTR